La eficacia relativa de los programas de educación sobre drogas desde sus modelos implícitos /

Detalles Bibliográficos
Autor principal: Rossignoli Susín, José Luis
Formato: Libro
Lenguaje:inglés

MARC

LEADER 00000cam a2200000 a 4500
001 040245
003 UAHC_CL
005 20170803124430.0
008 060714b xx j 000 1 eng
040 |a UAHC_CL  |c UAHC_CL  |d UAHC_CL 
100 1 |a Rossignoli Susín, José Luis 
245 1 3 |a La eficacia relativa de los programas de educación sobre drogas desde sus modelos implícitos /  |c José Luis Rossignoli. 
500 |a Revista Complutense de Educación. --Vol. 1, Nº3 (1990) pp. 451-467 
900 |a REV. COMPLUT. EDUC.-03/90 
942 |c BK 
999 |c 40245  |d 40245